[Event "ROU-ch Men 2018"]
[Site "Olanesti"]
[Date "2018.05.21"]
[Round "8"]
[White "Gavrilescu, David"]
[Black "Ileana, George"]
[Result "1/2-1/2"]
[WhiteElo "2442"]
[BlackElo "2325"]
[Annotator "TA"]
[PlyCount "109"]
[EventDate "2018.??.??"]
[EventType "swiss"]
[EventCountry "ROU"]
[SourceTitle "playchess.com"]
[Source "ChessBase"]
[SourceQuality "1"]

{[%evp 17,109,4,12,-22,0,0,26,-46,-35,-35,-31,-36,-27,-37,-34,-44,-35,-277,-277,-277,-277,-271,-274,-406,-391,-403,-314,-325,-312,-331,-332,-332,-332,-326,-325,-324,-315,-337,-316,-324,-322,-393,-294,-368,-369,-368,-355,-460,-460,-453,-453,-450,-445,-436,-427,-560,-544,-598,-572,-573,-580,-452,-363,-364,-342,-347,-310,-306,-193,-190,-75,-85,-73,-73,-73,-73,-73,-73,-73,-73,-73,-73,-54,-54,0,-73,-73,-73,-60,-60,-53,-52,-53,-52]} 1. e4 c5 2. Nf3 d6 3. Bb5+ Bd7 4. Bxd7+ Qxd7 5. O-O Nf6 6. Qe2 Nc6 7. Rd1 {B52: Sicilian: Moscow Variation with 3...Bd7} Rc8 8. d4 cxd4 9. Nxd4 g6 {LiveBook: 7 Games} 10. c4 Nxd4 $146 ({Predecessor:} 10... Bg7 11. Nf3 O-O 12. Nc3 Qe6 13. Bd2 Nd7 14. Rac1 Nc5 {0-1 (46) Golizadeh,A (2472)-Li,C (2665) Istanbul 2012}) 11. Rxd4 Qc6 12. Nc3 (12. b3 $11) 12... Bg7 $15 13. b3 Nd7 {[%cal Bf6d7,Bd7c5,Bc5e4][%mdl 32]} 14. Rd3 Nc5 $36 {[%mdl 2048] Black fights for an advantage.} 15. Re3 Bd4 16. Rf3 {[#]} Nxe4 $1 {[%mdl 512]} 17. Nb5 $2 (17. Bb2 $15 Bxc3 18. Bxc3) (17. Nxe4 Bxa1) 17... Bxa1 $19 18. Nxa7 {[#]} Qc5 $1 {[%cal Rc5a7]} ({Inferior is} 18... Nc3 19. Qe1 $11) 19. Nxc8 f5 20. Bb2 (20. Nxd6+ $142 exd6 21. Rd3) 20... Bxb2 21. Qxb2 Rf8 22. Nxe7 Kxe7 23. Rh3 Rf7 24. Rd3 Kd7 25. Kf1 Re7 26. f3 Ng5 27. Qd2 Qe5 28. c5 Nf7 (28... Qxc5 29. Qxg5 Qe5 30. Qd2 $11) 29. Rd5 Qe3 30. Qd1 Re5 31. b4 Qc3 32. Kf2 Ke6 33. Rd3 Qxb4 34. Rxd6+ Ke7 35. Rd7+ Ke8 36. Rc7 {Qd7+ would kill now.} Kf8 37. h3 Qh4+ 38. Kf1 Qc4+ 39. Kg1 Rxc5 40. Rxb7 Qc1 ({Worse is} 40... Qxa2 41. Rb8+ Ke7 42. Rb7+ Kf8 43. Rb8+ Ke7 44. Rb7+ Kf8 $11) 41. Qxc1 Rxc1+ {[%mdl 4096] Endgame KRN-KR} 42. Kh2 f4 43. Rb4 g5 {[#]} (43... Rc2 $19 {and Black stays clearly on top. Hoping for ...g5.} 44. a4 g5) 44. h4 $1 $17 {[%mdl 512]} h6 (44... gxh4 45. Rxf4) 45. hxg5 hxg5 {aiming for ...Rc3.} 46. g3 fxg3+ 47. Kxg3 Rg1+ 48. Kh2 Rd1 {Strongly threatening ...Kg7.} (48... Ra1 {feels hotter.} 49. Kg3 Rxa2 50. f4 Ra3+ 51. Kg4 Ra5) 49. Kg3 Nh6 50. Rb5 $1 Nf7 {White must now prevent ...Kg7.} 51. Rb4 $1 Kg7 {And now ...Kf6 would win.} 52. f4 Rd3+ 53. Kg4 {Black is slightly better.} Nh6+ 54. Kxg5 Rg3+ 55. Kh5 {Precision: White = 65%, Black = 66%.} 1/2-1/2

[Event "ROU-ch Men 2018"]
[Site "Olanesti"]
[Date "2018.05.21"]
[Round "8"]
[White "Secheres, Adrian-Simion"]
[Black "Marin, Mihail"]
[Result "1/2-1/2"]
[WhiteElo "2404"]
[BlackElo "2543"]
[Annotator "TA"]
[PlyCount "38"]
[EventDate "2018.??.??"]
[EventType "swiss"]
[EventCountry "ROU"]
[SourceTitle "playchess.com"]
[Source "ChessBase"]
[SourceQuality "1"]

{[%evp 9,38,20,33,22,27,20,66,28,33,16,31,29,23,3,0,-7,27,23,27,18,32,29,37,17,50,0,44,0,47,0,45]} 1. d4 e6 2. c4 Bb4+ 3. Bd2 a5 4. g3 d6 (4... Nc6 5. Bg2 d6 6. e3 e5 7. d5 Bxd2+ 8. Qxd2 Nb8 9. Nc3 Na6 10. Nge2 Nf6 11. h3 Nc5 12. g4 {½-½ (74) Ivanisevic,I (2650)-Caruana,F (2808) Baku 2016}) 5. Nc3 e5 {LiveBook: 3 Games} 6. a3 {A40: Unusual replies to 1 d4} Bxc3 $1 7. Bxc3 Qe7 8. dxe5 {White is slightly better.} dxe5 9. Bg2 Nf6 10. Nf3 Nc6 11. b3 $146 ({Predecessor:} 11. O-O a4 12. b4 axb3 13. Qxb3 {½-½ (28) Zilberman,Y (2481)-Gofshtein,L (2513) Haifa 2010}) 11... O-O 12. Qc2 Bg4 13. O-O Rfe8 14. Rfd1 $36 {[%mdl 2048] White is more active.} Bh5 15. Nh4 Qe6 16. Bd5 Qh3 17. Bg2 Qe6 18. Bd5 Qh3 19. Bg2 Qe6 {Precision: White = 38%, Black = 63%.} 1/2-1/2

[Event "ROU-ch Men 2018"]
[Site "Olanesti"]
[Date "2018.05.21"]
[Round "8"]
[White "Dobre, Claudiu-Cristian"]
[Black "Manea, Alexandru"]
[Result "1/2-1/2"]
[WhiteElo "2393"]
[BlackElo "2402"]
[Annotator "RC"]
[PlyCount "89"]
[EventDate "2018.??.??"]
[EventType "swiss"]
[EventCountry "ROU"]
[SourceTitle "playchess.com"]
[Source "ChessBase"]
[SourceQuality "1"]
[TimeControl "40/5400+30:1800+30"]

1. b3 {[%emt 0:00:00]} a5 {[%emt 0:14:07]} 2. Bb2 {[%emt 0:07:55]} a4 {[%emt 0:00:37]} 3. a3 {[%emt 0:00:10]} axb3 {[%emt 0:00:57]} 4. cxb3 {[%emt 0:00:09]} Nf6 {[%emt 0:00:08]} 5. Nf3 {[%emt 0:11:14]} g6 {[%emt 0:04:09]} 6. e4 {[%emt 0:06:53]} Bg7 {[%emt 0:01:54]} 7. d3 {[%emt 0:06:42]} O-O {[%emt 0:00:24]} 8. Nbd2 {[%emt 0:00:27]} c5 {[%emt 0:03:24]} 9. Be2 {[%emt 0:07:44]} Nc6 {[%emt 0:00:22]} 10. O-O {[%emt 0:03:18]} d6 {[%emt 0:01:21]} 11. d4 {[%emt 0:05:33]} Nh5 {[%emt 0:01:07]} 12. Nc4 {[%emt 0:00:08]} b5 {[%emt 0:20:48]} 13. Ne3 {[%emt 0:01:18]} Ba6 {[%emt 0:00:48]} 14. g3 {[%emt 0:01:10]} Na5 {[%emt 0:10:00]} 15. Qc2 {[%emt 0:05:16]} c4 {[%emt 0:02:23]} 16. bxc4 {[%emt 0:00:31]} Nxc4 {[%emt 0:00:36]} 17. Nxc4 {[%emt 0:09:41]} bxc4 {[%emt 0:00:23]} 18. Bc3 {[%emt 0:00:24]} d5 {[%emt 0:02:49]} 19. exd5 {[%emt 0:04:59]} Nf6 {[%emt 0:00:30]} 20. Ne5 {[%emt 0:00:10]} Nxd5 {[%emt 0:00:02]} 21. Bf3 {[%emt 0:00:30]} Qd6 {[%emt 0:00:40]} 22. Rfb1 {[%emt 0:09:09]} Rab8 {[%emt 0:02:17]} 23. Bb4 {[%emt 0:03:06]} Nxb4 {[%emt 0:02:11]} 24. axb4 {[%emt 0:00:08]} Bb5 {[%emt 0:00:28]} 25. Qc3 {[%emt 0:01:40]} Rfd8 {[%emt 0:21:18]} 26. Rd1 {[%emt 0:00:35]} Qb6 {[%emt 0:02:30]} 27. Ra3 {[%emt 0:09:38]} Rbc8 {[%emt 0:00:46]} 28. Be2 {[%emt 0:01:09]} e6 {[%emt 0:00:40]} 29. Qa1 {[%emt 0:01:41]} f6 {[%emt 0:04:06]} 30. Ng4 {[%emt 0:00:29]} h5 {[%emt 0:00:05]} 31. Ne3 {[%emt 0:00:10]} f5 {[%emt 0:00:01]} 32. Nc2 {[%emt 0:00:41]} h4 {[%emt 0:01:53]} 33. Bf3 {[%emt 0:00:34]} h3 {[%emt 0:00:20]} 34. Ra7 {[%emt 0:01:56]} Rc7 {[%emt 0:01:56]} 35. Rxc7 {[%emt 0:00:13]} Qxc7 {[%emt 0:00:01]} 36. Qa5 {[%emt 0:00:20]} Qd7 {[%emt 0:00:53]} 37. Ra1 {[%emt 0:01:21]} Bxd4 {[%emt 0:01:00]} 38. Nxd4 {[%emt 0:00:44]} Qxd4 {[%emt 0:00:03]} 39. Re1 {[%emt 0:00:59]} Qd3 {[%emt 0:01:26]} 40. Qb6 {[%emt 0:00:00]} Rd6 {[%emt 0:00:31]} 41. Qxb5 {[%emt 0:05:30]} Qxf3 {[%emt 0:00:08]} 42. Qe8+ {[%emt 0:00:23]} Kg7 {[%emt 0:01:48]} 43. Qe7+ {[%emt 0:00:06]} Kg8 {[%emt 0:01:33]} 44. Qe8+ {[%emt 0:00:06]} Kg7 {[%emt 0:00:11]} 45. Qe7+ {[%emt 0:00:06]} 1/2-1/2

[Event "ROU-ch Men 2018"]
[Site "Olanesti"]
[Date "2018.05.21"]
[Round "8"]
[White "Stoleriu, George"]
[Black "Anton, Teodor"]
[Result "0-1"]
[WhiteElo "2333"]
[BlackElo "2426"]
[Annotator "TA"]
[PlyCount "130"]
[EventDate "2018.??.??"]
[EventType "swiss"]
[EventCountry "ROU"]
[SourceTitle "playchess.com"]
[Source "ChessBase"]
[SourceQuality "1"]

{[%evp 16,130,10,10,10,10,2,-4,-9,-16,-14,-28,0,0,0,0,0,-15,7,-21,-6,-8,-5,-17,-25,-20,0,0,7,0,0,0,20,0,0,-29,-24,-20,-19,-73,-58,-65,-79,-75,0,0,0,0,0,0,0,0,0,0,0,-12,-14,-59,0,-114,-95,-120,-64,-64,-72,-218,-203,-660,-498,-496,-351,-353,-353,-318,-208,-387,-355,-396,-401,-356,-385,-387,-385,-370,-370,-637,-637,-630,-622,-619,-608,-497,-460,-7337,-1341,-29957,-29959,-29943,-29941,-29961,-29957,-29958,-29960,-6613,-4802,-29961,-29960,-29976,-29977,-29977,-29978,-29969,-29969,-29968,-29949,-29972,-29973]} 1. e4 c5 2. Nc3 Nc6 3. Bb5 e6 4. Bxc6 bxc6 5. f4 d5 6. d3 {B23: Closed Sicilian: Lines without g3} Nf6 7. Nf3 Ba6 (7... Be7 8. O-O O-O 9. Qe1 Ba6 10. e5 Nd7 11. Qg3 f5 12. Kh1 Nb6 13. b3 c4 14. dxc4 dxc4 15. Rd1 Qc8 16. Bb2 c5 {0-1 (63) Hafiz,A (2324)-Karthikeyan,M (2580) New Delhi 2018}) 8. e5 Nd7 9. O-O {LiveBook: 9 Games} c4 10. d4 Be7 11. Kh1 Rb8 12. Re1 $146 ({Predecessor:} 12. Rb1 O-O 13. Be3 f6 14. exf6 Bxf6 {½-½ (62) Foudzi,S (2162)-Sitanggang,S (2407) Tagaytay City 2004}) 12... O-O 13. Ne2 f6 14. exf6 Nxf6 ({Reject} 14... gxf6 $6 15. Ng3 $16) 15. Nc3 Bd6 16. Ng5 Bc8 17. Qe2 h6 18. Nf3 Qc7 19. b3 Bb4 20. Bd2 cxb3 21. axb3 a5 22. Qe5 Bd6 23. Qe2 Ra8 24. Ne5 Ba6 25. Qe3 c5 26. Qh3 Rfe8 27. Nf3 (27. Be3 $11) 27... Bxf4 $17 28. Bxf4 Qxf4 29. dxc5 d4 (29... Qc7 $17) 30. Ne2 $11 Bxe2 $1 31. Rxe2 e5 32. Rae1 a4 33. bxa4 $1 (33. Rxe5 $2 Rxe5 34. Nxe5 Re8 $19) 33... Rxa4 34. Nd2 {Black must now prevent Qb3+.} ({Don't blunder} 34. Rxe5 $2 Rxe5 35. Nxe5 {[#]} Qxe5 $1 $19 {[%mdl 512]}) 34... Ra7 35. Rf1 Qg4 36. Qb3+ Kh8 (36... Kh7 $1 $15 37. Nf3 Qf5) 37. Rfe1 ({Not} 37. Rxe5 $2 Rxe5 38. Qb8+ Re8 $19) (37. Nf3 $11 {keeps the balance.}) 37... e4 $17 {[%cal Be5e4,Be4e3][%mdl 32]} 38. h3 Qg6 ({Black should try} 38... Qf4 $17 {...e3 is the strong threat.} 39. Qb6 Ra2) 39. Qb4 $1 $15 e3 $36 {[%mdl 2048] Keeping White busy.} 40. Nf3 (40. Nf1 $17) 40... Ne4 $19 41. Kh2 $2 (41. Qxd4 Ng3+ 42. Kg1 Nxe2+ 43. Rxe2) 41... Qg3+ 42. Kg1 Nc3 43. Qxd4 Nxe2+ 44. Rxe2 Rae7 45. c4 $2 (45. Qd3 {was worth a try.}) 45... Qc7 46. Qd6 Rd7 47. Qxc7 Rxc7 {[%mdl 4096] Endgame KRR-KRN} 48. Nh2 Rxc5 49. Ng4 Rxc4 50. Rxe3 $2 (50. Nxe3 Rce4 51. Kf2) 50... Rxe3 51. Nxe3 {KR-KN} Ra4 52. Kf2 Kh7 53. Kf3 Kg6 54. g3 (54. Kg3 $142) 54... Kg5 (54... h5 $142 55. Nd5 Kf5 56. Ne7+ Ke6) 55. Nc2 h5 56. Ne3 Kf6 57. Nd5+ Kf5 58. Ne7+ Ke6 59. Ng6 Ra3+ 60. Kf2 Kf5 {Black mates.} 61. Nf4 {[#]} h4 $1 62. Ne2 (62. gxh4 Kxf4) 62... Ke4 63. gxh4 Rxh3 64. Ng3+ Kf4 65. Nh5+ Ke5 {Precision: White = 33%, Black = 77%.} 0-1

[Event "ROU-ch Men 2018"]
[Site "Olanesti"]
[Date "2018.05.21"]
[Round "8"]
[White "Vasiesiu, Victor"]
[Black "Vasilescu, Lucian-Mihail"]
[Result "1/2-1/2"]
[WhiteElo "2327"]
[BlackElo "2243"]
[Annotator "TA"]
[PlyCount "133"]
[EventDate "2018.??.??"]
[EventType "swiss"]
[EventCountry "ROU"]
[SourceTitle "playchess.com"]
[Source "ChessBase"]
[SourceQuality "1"]

{[%evp 12,133,10,11,38,34,53,0,0,0,0,0,12,0,0,-2,0,-14,-4,-31,-23,-37,-36,-40,-32,-38,-25,-27,-25,-20,-19,-25,-19,-17,-8,-24,-36,-31,-6,-10,-3,-20,-20,-20,-20,-27,-20,-20,-20,-20,-22,-60,-60,-54,-54,-64,-16,-83,-83,-83,-83,-79,-75,-79,-8,-31,-8,-31,-28,-26,-24,-28,0,0,0,0,0,0,0,0,0,0,0,0,0,0,0,0,0,0,0,0,0,0,0,0,0,0,0,0,0,0,0,0,0,0,0,0,0,0,0,0,0,0,0,0,0,0,0,0,0,0,0,0]} 1. e4 c5 2. Nf3 a6 3. c3 e6 4. d4 d5 5. e5 Bd7 6. Be3 {B28: Sicilian: 2 Nf3 a6 (O'Kelly Variation)} cxd4 7. cxd4 {LiveBook: 14 Games} Bb4+ $146 ({Predecessor:} 7... Bb5 8. Bxb5+ axb5 9. Nc3 b4 10. Ne2 Ne7 11. Ng3 Nec6 12. Nh5 Nd7 13. h4 h6 {1-0 (49) Anton Guijarro,D (2614)-Rapport,R (2709) Moscow 2015}) 8. Nbd2 {White is slightly better.} Ne7 9. Bd3 (9. a3 $14 Bxd2+ 10. Qxd2) 9... Bb5 $11 10. Bxb5+ axb5 11. O-O O-O 12. Qb3 Nbc6 13. Qd3 Bxd2 14. Bxd2 Qb6 15. Rfd1 Ra6 16. Ng5 {[%csl Gg5][%cal Rd3h7] [#]} Ng6 17. Be3 Rfa8 18. a3 b4 19. h4 Nf8 20. h5 h6 21. Nf3 Qa7 {[%cal Rb4a3]} 22. Bc1 bxa3 23. Rxa3 Rxa3 24. bxa3 Na5 25. g4 Qa6 26. Qe3 Nc4 27. Qf4 Qa4 $36 {[%mdl 2048] Black is pushing.} 28. Re1 Qc2 29. g5 hxg5 $1 30. Nxg5 Qf5 31. Qg3 Nh7 32. Nxh7 Kxh7 33. Kg2 f6 (33... Rg8 {feels hotter.} 34. Qf3 Qxf3+ 35. Kxf3 Ra8 36. Kg4 Ra5) 34. exf6 (34. Rg1 $1 $11 {remains equal.}) 34... gxf6 $17 {[#] Threatens to win with ...Rg8.} 35. Qg6+ Qxg6+ 36. hxg6+ Kxg6 37. Rxe6 {[%mdl 4096] Endgame KRB-KRN} b5 (37... Kf5 $17 38. Re7 b6) 38. Re7 Nxa3 {next ...b4 is good for Black.} 39. Rb7 Kf5 40. f3 $1 Nc4 {...Ra1 is the strong threat.} (40... b4 {keeps more tension.} 41. Rxb4 Nc2 42. Rb5 Ne1+ 43. Kf1 Nxf3 44. Rxd5+ Ke4) 41. Rxb5 Ra5 (41... Ra1 {looks sharper.} 42. Bh6 Ke6 43. Bf8 Rd1 44. Bc5 Rd2+) 42. Rxa5 {The position is equal.} Nxa5 $11 {KB-KN} 43. Kg3 Nc6 44. Be3 Nb4 45. Bd2 Nc2 46. Bc3 Na3 47. Bd2 Nb5 48. Be3 Nc7 49. Kh3 Ne6 50. Kg3 Ng7 51. Kh4 Ne6 52. Kg3 Kg6 53. Bg1 f5 {[%cal Bf6f5,Bf5f4][%mdl 32]} 54. Be3 Kf6 55. Kg2 f4 56. Bd2 Kg5 ({Don't blunder} 56... Nxd4 $2 57. Bc3 $18) 57. Bc3 Ng7 58. Ba5 Ne6 59. Bc3 Nc7 60. Ba1 $1 Nb5 61. Bb2 Nd6 62. Ba3 Nf5 (62... Nc4 $5 {[%cal Rc4a3]} 63. Be7+ Kf5 $11) 63. Bc5 Ne3+ 64. Kf2 Nc2 65. Bb6 Kf5 66. Ba7 Ke6 67. Bb8 {Precision: White = 71%, Black = 71%.} 1/2-1/2

[Event "ROU-ch Men 2018"]
[Site "Olanesti"]
[Date "2018.05.21"]
[Round "8"]
[White "Banzea, Alexandru-Bogdan"]
[Black "Dumitru, Matei-Ioan"]
[Result "1-0"]
[WhiteElo "2325"]
[BlackElo "2164"]
[Annotator "TA"]
[PlyCount "119"]
[EventDate "2018.??.??"]
[EventType "swiss"]
[EventCountry "ROU"]
[SourceTitle "playchess.com"]
[Source "ChessBase"]
[SourceQuality "1"]

{[%evp 24,119,60,30,35,29,52,38,37,-36,51,20,33,33,37,34,28,17,34,25,61,60,64,43,47,58,113,0,0,13,16,15,74,52,42,33,302,283,208,35,208,135,131,47,47,47,47,49,47,44,84,84,84,84,87,81,95,66,92,66,70,49,46,42,42,33,33,33,74,75,70,74,160,162,224,152,206,128,123,118,121,129,129,122,121,116,129,116,516,516,522,522,522,515,1033,1006,29976,29977]} 1. e4 e5 2. Nf3 Nc6 3. Bb5 a6 4. Ba4 b5 5. Bb3 Bb7 6. O-O Be7 7. d4 d6 8. c3 Nf6 9. Re1 O-O 10. Nbd2 {[%cal Bb1d2,Bd2f1,Bf1g3][%mdl 32]} h6 11. Nf1 Re8 12. Ng3 Bf8 13. a3 {LiveBook: 3 Partien. C91: Spanische Partie (Abweichungen von der Hauptvariante)} (13. a4 Qd7 14. h3 Rad8 15. axb5 axb5 16. dxe5 Nxe5 17. Nxe5 Rxe5 18. Bf4 Ree8 19. Qf3 Nh7 20. Ra7 Bc6 21. Bd2 g6 22. Rea1 d5 23. exd5 Bxd5 24. Bxd5 Qxd5 25. Qxd5 Rxd5 {1-0 (47) Alekseenko,K (2580)-Ponkratov,P (2607) Khanty-Mansiysk 2016}) 13... g6 $146 ({Vorgänger:} 13... Na5 14. Bc2 g6 15. h3 Bg7 16. Rb1 c5 17. d5 {½-½ (47) Tutisani,N (2366)-Kaczur,F (2426) Prague 2016}) 14. Ba2 Bg7 15. b4 {[%cal Bb2b4,Bb4a5][%mdl 32] Weiß steht etwas besser.} a5 16. Bd2 (16. a4 $14 bxa4 17. b5 (17. Qxa4 axb4 18. Qb5 Qb8 $17)) 16... Qd7 (16... axb4 $15 17. axb4 exd4) 17. d5 Ne7 18. bxa5 c6 19. dxc6 Nxc6 20. Qc1 Kh7 21. c4 {[%cal Bc3c4,Bc4b5][%mdl 32]} Rec8 22. cxb5 Nxa5 23. Qb1 {zielt auf Dd3 ab.} Nc4 24. Bxc4 $1 Rxc4 25. Qd3 (25. Qb3 $16 Rac8 26. Rac1 Rxc1 27. Rxc1 (27. Bxc1 Nxe4 28. Nxe4 Bxe4 $11)) 25... Raa4 $1 $11 {[%cal Rf6e4]} 26. Bb4 Qxb5 27. Rad1 Qc6 (27... Bc6 $11) 28. Qxd6 Nxe4 29. Qe7 {Txe4 ist eine echte Drohung.} Nxg3 $4 {[%mdl 8192]} (29... Ng5 $1 $14 30. Nxg5+ hxg5) 30. hxg3 $18 Rd4 31. Rc1 $2 ({Besser ist} 31. Rxd4 $18 exd4 32. Qxf7) 31... Qd5 $2 (31... Rd7 $1 $14 32. Rxc6 Rxe7) 32. Rc5 Qd7 {[#]} 33. Qxd7 (33. Rc7 $1 $16 {[%cal Rc7d7]} Qxe7 34. Rxe7 Bxf3 35. gxf3) 33... Rxd7 $14 34. Nxe5 Re7 35. Rb5 Rxe5 36. Rexe5 Bxe5 37. Rxb7 {[%mdl 4096] Endspiel KTL-KTL} Kg7 38. Rd7 Kf6 39. Rd5 Bb2 40. Rd3 Ra8 41. Kf1 h5 42. Ke2 Ke5 43. Rd2 Bd4 44. Ra2 Kd5 45. Kd3 Ra6 46. Bc3 Bc5 47. a4 {[%cal Ba3a4,Ba4a5][%mdl 32]} g5 (47... Rd6 $142) 48. a5 $16 f5 (48... Rd6 $142 49. a6 Ba7 50. Ra5+ Kc6+ 51. Kc4 Kd7) 49. Rb2 Re6 (49... Rg6 $16 50. Ra2 Rg8) 50. Bd2 Bxf2 51. Bxg5 Bc5 52. Ra2 Ra6 53. Be3 Bd6 54. Bf4 Bb4 55. Bc7 Rg6 $2 {[%mdl 8192]} (55... Kc6 $16) 56. a6 $18 Rg8 {Wenn Schwarz jetzt Zeit für ...Kc6 hätte...} 57. a7 {Droht stark Lb8.} Ra8 58. Bb8 Bc5 (58... Kc6 $142 59. Ke3 Bc5+ 60. Kf4 Bxa7 61. Bxa7 Kd5 62. Kxf5 Rg8) 59. Ra5 Kc6 {[#]} 60. Rxc5+ $1 {[%mdl 512] Precision: Weiß = 62%, Schwarz = 37%.} 1-0

[Event "ROU-ch Men 2018"]
[Site "Olanesti"]
[Date "2018.05.21"]
[Round "8"]
[White "Rusan, Paul-Cristian"]
[Black "Neagu, Liviu"]
[Result "1/2-1/2"]
[WhiteElo "2213"]
[BlackElo "2025"]
[Annotator "TA"]
[PlyCount "154"]
[EventDate "2018.??.??"]
[EventType "swiss"]
[EventCountry "ROU"]
[SourceTitle "playchess.com"]
[Source "ChessBase"]
[SourceQuality "1"]

{[%evp 17,154,-12,2,-13,12,15,31,21,8,18,22,0,22,-32,24,0,13,-9,10,0,0,-10,35,0,0,2,23,0,7,0,0,6,79,82,83,77,77,79,91,82,85,42,48,41,42,48,43,54,140,163,151,154,128,87,88,91,93,93,86,83,161,147,149,129,156,143,137,130,354,125,128,100,110,96,161,156,149,149,149,149,161,161,161,161,177,177,175,165,177,161,175,161,208,208,234,184,342,329,350,237,232,219,217,229,206,183,306,326,329,312,259,247,368,440,400,385,506,422,811,86,86,68,68,75,77,76,79,79,81,76,4823,4823,29987,29988,29987,4721,2492,8,8]} 1. e4 c5 2. Nf3 Nc6 3. Bb5 g6 4. Bxc6 bxc6 5. O-O Bg7 6. Re1 e5 7. d3 Ne7 8. Nbd2 O-O 9. Nc4 d6 {LiveBook: 8 Partien} 10. a3 {B31: Sizilianisch (Rossolimo-Variante)} (10. h3 f5 11. exf5 gxf5 12. Bg5 h6 13. Bd2 Ng6 14. Nh2 f4 15. Qf3 d5 16. Qh5 Qf6 17. Na5 Qd6 {0-1 (36) Palit,S (2336)-Himanshu,S (2428) New Delhi 2007}) 10... h6 11. b4 cxb4 12. axb4 {Weiß steht etwas besser.} Be6 $146 ({Vorgänger:} 12... Bg4 13. h3 Be6 14. Be3 Qd7 15. Ra6 {½-½ (24) Rozkov,N (2325)-Rasskazov,V (2170) Kolontaevo 1998}) 13. Be3 Qc7 14. Qc1 Kh7 15. Qa3 (15. Ra6 $11) 15... Rfd8 ({Günstiger ist} 15... f5 $15 16. Qb3 Nc8 17. exf5 gxf5) 16. Qa5 Qb7 17. Qa6 Qc7 18. Qa5 Qb7 19. Qa6 Qc7 20. Bd2 Bg4 21. b5 $36 {[%mdl 2048] Schwarz steht unter Druck.} Rdc8 22. Bb4 Bxf3 23. gxf3 d5 24. Nd6 Rf8 (24... Rcb8 $11) 25. Qb7 $16 Qxb7 26. Nxb7 Rfb8 27. Na5 Nc8 28. Nxc6 Rxb5 29. Reb1 dxe4 30. fxe4 Rb6 31. Na5 Rab8 32. c3 Bf8 (32... Nd6 $14) 33. Nc4 R6b7 {[%cal Rf8b4]} 34. Nxe5 Bg7 35. d4 Bxe5 36. dxe5 Rb5 {...a5 ist eine echte Drohung.} 37. Rd1 {Schwarz muss nun Td7 beachten.} Rxe5 38. Rd7 Rxe4 (38... Kg7 $16) 39. Rxf7+ $18 Kg8 40. Rc7 {zielt auf Ta6 ab.} Re6 41. Rd1 {Weiss will mit Td8+ Matt setzen.} Nb6 42. Rxa7 Rc8 $2 {[#]} (42... Rc6 $16 43. h4 Rf6) 43. Rb7 $2 (43. c4 $1 $18 {[%mdl 512] und der Rest ist Schweigen.}) 43... Rec6 $16 44. Kg2 g5 45. Rd4 R8c7 (45... Nc4 $16 46. Rdd7 Rg6) 46. Rxc7 $18 Rxc7 {[%mdl 4096] Endspiel KTL-KTS} 47. Rd6 Na4 48. Rxh6 Nxc3 49. Rg6+ Kf7 50. Rxg5 Ne4 51. Rg4 Nf6 52. Rd4 Kg6 53. Bd6 Rc2 54. Be5 Ng8 55. Rg4+ Kf7 56. Rg7+ Kf8 $2 (56... Ke6 57. Rc7 (57. Rxg8 Kxe5 58. Rf8 Rc4 $16) 57... Ra2) 57. Rb7 Re2 58. Bd4 Re4 59. Bc3 Rc4 60. Bb2 Ke8 61. Be5 Re4 (61... Ne7 $142 62. Bg3 Ng6) 62. f4 Ne7 63. Kf3 Re1 64. Bf6 Nd5 (64... Ng8 {war angesagt.} 65. Bg5 Re6) 65. Bg5 Kf8 66. h4 {[%cal Bh2h4,Bh4h5][%mdl 32]} Kg8 67. h5 Rh1 (67... Re6 $142 68. h6 Rc6) 68. Ke4 $2 (68. h6 $18 {ist der präzise Gewinnweg.} Re1 69. Rg7+ Kh8 70. Rd7 Re3+ 71. Kf2) 68... Nxf4 $16 69. h6 Ne6 {Und weiter mit ...Sc5+ wäre nett.} 70. Be3 {Und Te7 würde nun gewinnen.} Rh5 71. Re7 Nc5+ 72. Kf3 Nd3 73. Kg4 Rh1 $2 {[%mdl 8192]} (73... Rd5 $16) 74. Kf5 $18 Nb4 75. Kg6 {[%cal Re7e8]} Kf8 76. Rf7+ (76. Bc5 $142 Nd3 77. Re1+ Nxc5 78. Rxh1 Ke7 79. h7 Kd6 80. h8=Q Kd5 81. Qf6) 76... Ke8 77. Bc5 $2 ({Weiss braucht} 77. Rf5 $18 Nc6 78. Kg7) 77... Rxh6+ $1 {Precision: Weiß = 57%, Schwarz = 44%.} 1/2-1/2